[Event "4NCL 3 South pool B"]
[Site "Reading, ENG"]
[Date "2018.01.14"]
[Round "4.51"]
[White "Thompson, Ian D"]
[Black "Jones, Christopher M"]
[Result "1-0"]
[WhiteElo "2188"]
[BlackElo "2128"]
[PlyCount "93"]
[EventDate "2018.01.14"]

1. c4 e5 2. Nc3 Nc6 3. Nf3 f5 4. d4 e4 5. Ng5 Be7 6. Nh3 Bf6 7. e3 Nge7 8. f3
exf3 9. Qxf3 Nb4 10. Qd1 O-O 11. Be2 Kh8 12. O-O d5 13. a3 Na6 14. cxd5 Nxd5
15. Nxd5 Qxd5 16. Nf4 Qd6 17. Bd2 c5 18. dxc5 Qxc5 19. Bxa6 bxa6 20. Qf3 Rb8
21. Bb4 Rxb4 22. axb4 Qxb4 23. Nd5 Qxb2 24. Rab1 Qe5 25. Nxf6 gxf6 26. Rfd1 Be6
27. Rb7 Qc5 28. Qf4 Qc2 29. Qd4 Bb3 30. Re1 Rf7 31. Rxf7 Bxf7 32. Qxf6+ Kg8 33.
Qxa6 Qc3 34. Qa1 Qd2 35. Qc1 Qd3 36. Rd1 Qe4 37. Qc5 a5 38. Rd8+ Kg7 39. Qc3+
Kg6 40. Rd6+ Kh5 41. Rd4 Qb1+ 42. Kf2 Qa2+ 43. Rd2 Qa4 44. Qf6 Bg6 45. Rd4 Qc2+
46. Kg3 Qc7+ 47. Kh3 1-0

[Event "4NCL 3 South pool B"]
[Site "Reading, ENG"]
[Date "2018.01.14"]
[Round "4.52"]
[White "Piper, Stephen J"]
[Black "Frostick, Clive A"]
[Result "1-0"]
[WhiteElo "2060"]
[BlackElo "2163"]
[PlyCount "77"]
[EventDate "2018.01.14"]

1. c4 e6 2. g3 d5 3. Bg2 Nf6 4. Nf3 Be7 5. O-O O-O 6. b3 c5 7. d3 Nc6 8. Bb2 b6
9. Nbd2 Bb7 10. Ne5 Nxe5 11. Bxe5 Ng4 12. Bb2 Bf6 13. Bxf6 Nxf6 14. Qb1 Qe7 15.
Qb2 Rfd8 16. Rab1 dxc4 17. bxc4 Bxg2 18. Kxg2 Nd7 19. a4 Qd6 20. Ra1 Qc6+ 21.
Kg1 a5 22. Rfb1 f5 23. Nf3 Qd6 24. Qc3 e5 25. Ra2 Rf8 26. Nd2 Rae8 27. e3 Re6
28. Rd1 Qe7 29. Nf1 Nb8 30. d4 exd4 31. exd4 cxd4 32. Qxd4 Nc6 33. Qc3 f4 34.
Rad2 Ne5 35. Rd5 Qf6 36. Nd2 fxg3 37. Qxg3 Ng6 38. Rd7 Re2 39. Rf1 1-0

[Event "4NCL 3 South pool B"]
[Site "Reading, ENG"]
[Date "2018.01.14"]
[Round "4.53"]
[White "Farrand, Tom"]
[Black "Compton, Alistair"]
[Result "1-0"]
[WhiteElo "2158"]
[BlackElo "2082"]
[PlyCount "77"]
[EventDate "2018.01.14"]

1. e4 e6 2. d4 d5 3. Nc3 Bb4 4. e5 Ne7 5. Bd2 Nf5 6. Nf3 Nc6 7. Ne2 Be7 8. c3
O-O 9. Qc2 f6 10. exf6 Bxf6 11. Ng3 g6 12. Nxf5 exf5 13. O-O-O Re8 14. Bd3 Na5
15. h4 Nc4 16. Bf4 Nd6 17. g3 Ne4 18. Ne5 c5 19. f3 cxd4 20. cxd4 Be6 21. Kb1
Rc8 22. Qh2 Nd6 23. g4 fxg4 24. fxg4 Ne4 25. g5 Bxe5 26. Bxe5 Bf5 27. h5 Qb6
28. Ka1 Rc6 29. hxg6 Bxg6 30. Qh6 Rxe5 31. dxe5 Bf5 32. g6 Bxg6 33. Bxe4 Bxe4
34. Rdg1+ Bg6 35. Qxh7+ Kf8 36. Rf1+ Ke8 37. Qg8+ Ke7 38. Rf8 Kd7 39. Rf7+ 1-0

[Event "4NCL 3 South pool B"]
[Site "Reading, ENG"]
[Date "2018.01.14"]
[Round "4.54"]
[White "Jaszkiwskyj, Peter"]
[Black "Amato, Giampiero"]
[Result "1-0"]
[WhiteElo "1906"]
[BlackElo "2112"]
[PlyCount "93"]
[EventDate "2018.01.14"]

1. d4 Nf6 2. c4 g6 3. Nf3 Bg7 4. Nc3 O-O 5. Bf4 d6 6. e3 Nc6 7. Be2 Re8 8. h3
Nd7 9. Bh2 e5 10. d5 Ne7 11. g4 Nc5 12. e4 a5 13. Rg1 c6 14. Qd2 cxd5 15. cxd5
Bd7 16. Kf1 b5 17. Qe3 Qb6 18. Ne1 Rac8 19. f3 Rc7 20. Bg3 b4 21. Nd1 Bb5 22.
Bf2 Qa6 23. Bxb5 Qxb5+ 24. Qe2 Qxe2+ 25. Kxe2 Nc8 26. Rc1 Bf6 27. Nd3 Na6 28.
Ne3 Bg5 29. Rxc7 Nxc7 30. Nc4 Bd8 31. Rc1 Nb5 32. Ncxe5 Bg5 33. f4 dxe5 34.
fxg5 Ncd6 35. Kf3 Kg7 36. Rc6 h6 37. gxh6+ Kxh6 38. Rb6 f5 39. Be3+ Kg7 40.
gxf5 gxf5 41. Nc5 fxe4+ 42. Ke2 Re7 43. h4 Kg6 44. Nxe4 Rb7 45. Ra6 Rd7 46. Bc5
Kh5 47. Nf6+ 1-0

[Event "4NCL 3 South pool B"]
[Site "Reading, ENG"]
[Date "2018.01.14"]
[Round "4.55"]
[White "Scrimgour, Alan"]
[Black "Gibson, Christopher A"]
[Result "1-0"]
[WhiteElo "2074"]
[BlackElo "1910"]
[PlyCount "71"]
[EventDate "2018.01.14"]

1. e4 e5 2. f4 Bc5 3. Nf3 d6 4. c3 Nf6 5. d4 Bb6 6. fxe5 dxe5 7. Nxe5 Nxe4 8.
Qf3 Nf6 9. Bc4 O-O 10. O-O Nbd7 11. Bf4 Nxe5 12. Bxe5 Ng4 13. Kh1 Nxe5 14. dxe5
Be6 15. Na3 Qg5 16. Qxb7 Rad8 17. Qe4 Rfe8 18. Bxe6 Rxe6 19. Nc4 Qh5 20. Qf3
Qxf3 21. gxf3 c6 22. Rad1 Ree8 23. f4 Kf8 24. Kg2 Bc7 25. Kf3 Ke7 26. Rxd8 Rxd8
27. Rf2 f6 28. Rd2 Rf8 29. Ke4 g6 30. exf6+ Rxf6 31. Ne5 Bxe5 32. fxe5 Re6 33.
b4 a6 34. a4 a5 35. bxa5 c5 36. Rd5 1-0

[Event "4NCL 3 South pool B"]
[Site "Reading, ENG"]
[Date "2018.01.14"]
[Round "4.56"]
[White "Kennedy, Craig"]
[Black "Kalitsis, Nikolaos"]
[Result "1/2-1/2"]
[WhiteElo "1885"]
[BlackElo "2047"]
[PlyCount "59"]
[EventDate "2018.01.14"]

1. d4 e6 2. e4 d5 3. e5 c5 4. c3 Nc6 5. Be3 Nge7 6. Nf3 cxd4 7. cxd4 Bd7 8. Nc3
Ng6 9. h4 h6 10. h5 Nge7 11. Bd3 Nb4 12. Bb1 a6 13. a3 Nbc6 14. Bd3 b5 15. b4
Nc8 16. O-O Nb6 17. Nd2 Qc7 18. Rc1 Nc4 19. Bxc4 bxc4 20. f4 Na7 21. f5 a5 22.
fxe6 fxe6 23. Qf3 O-O-O 24. Nxd5 exd5 25. Qxd5 Bb5 26. Qe6+ Kb8 27. Nxc4 Re8
28. Qd5 Rd8 29. Qe6 Re8 30. Qd5 1/2-1/2

[Event "4NCL 3 South pool B"]
[Site "Reading, ENG"]
[Date "2018.01.14"]
[Round "4.62"]
[White "Freeman, Richard C P"]
[Black "Littlejohns, David P"]
[Result "1/2-1/2"]
[WhiteElo "2012"]
[BlackElo "1986"]
[PlyCount "58"]
[EventDate "2018.01.14"]

1. c4 c6 2. g3 Nf6 3. Bg2 d5 4. Nf3 Bf5 5. cxd5 cxd5 6. Qb3 Qc8 7. Nc3 e6 8. d3
Nc6 9. Bf4 Qd7 10. O-O Be7 11. Ne5 Nxe5 12. Bxe5 O-O 13. e4 Bg6 14. exd5 Bd6
15. Bxd6 Qxd6 16. Ne4 Nxe4 17. dxe4 exd5 18. Qxd5 Qxd5 19. exd5 Rfd8 20. Rac1
Rd7 21. Rc3 Rad8 22. Rfc1 Kf8 23. f4 f6 24. Rc8 Rxc8 25. Rxc8+ Ke7 26. Kf2 Kd6
27. Bh3 f5 28. Rc2 Kxd5 29. Rd2+ Ke6 1/2-1/2

[Event "4NCL 3 South pool B"]
[Site "Reading, ENG"]
[Date "2018.01.14"]
[Round "4.63"]
[White "Evans, Craig"]
[Black "Smith, Graham"]
[Result "1/2-1/2"]
[WhiteElo "2007"]
[BlackElo "2040"]
[PlyCount "83"]
[EventDate "2018.01.14"]

1. e4 d6 2. d4 Nf6 3. Nc3 Nbd7 4. Nf3 e5 5. Bc4 Be7 6. h3 c6 7. a4 Qc7 8. Be3
h6 9. Ba2 Nf8 10. Qd3 Be6 11. d5 Bd7 12. b4 a5 13. Rb1 axb4 14. Rxb4 c5 15. Rb1
Ng6 16. O-O O-O 17. Bc4 Nh5 18. Ne2 f5 19. Qc3 Kh8 20. exf5 Rxf5 21. Ng3 Nxg3
22. fxg3 Rxa4 23. Nd2 Rxf1+ 24. Bxf1 Bf5 25. g4 Bd7 26. g3 Bf6 27. Qb3 Rb4 28.
Qd3 e4 29. Qe2 Bb5 30. Qf2 Rxb1 31. Nxb1 Bxf1 32. Kxf1 Qe7 33. Qf5 Ne5 34. Qxe4
b5 35. Nd2 Nc4 36. Qxe7 Nxd2+ 37. Bxd2 Bxe7 38. Ke2 Kg8 39. Kf3 Kf7 40. h4 Bf6
41. Bf4 Ke7 42. Ke4 1/2-1/2

[Event "4NCL 3 South pool B"]
[Site "Reading, ENG"]
[Date "2018.01.14"]
[Round "4.64"]
[White "Habershon, Paul F"]
[Black "Homer, Stephen J"]
[Result "1-0"]
[WhiteElo "1988"]
[BlackElo "2022"]
[PlyCount "67"]
[EventDate "2018.01.14"]

1. e4 c5 2. Nc3 Nc6 3. f4 g6 4. Nf3 Bg7 5. Bc4 e6 6. f5 gxf5 7. d3 Nge7 8. O-O
d5 9. Bb3 c4 10. Ba4 dxe4 11. dxe4 Qxd1 12. Rxd1 Bxc3 13. bxc3 fxe4 14. Ne5 f6
15. Nxc4 f5 16. Nd6+ Kf8 17. Bh6+ Kg8 18. Bb3 Na5 19. Nxc8 Nxb3 20. Nxe7+ Kf7
21. cxb3 Kxe7 22. Bg5+ Kf7 23. Rd7+ Kg6 24. Bf4 Rhc8 25. Be5 Rc5 26. Bd4 Rb5
27. Rg7+ Kh6 28. Re7 a5 29. Rxe6+ Kg5 30. Rf1 Ra6 31. Be3+ Kh5 32. Rxa6 bxa6
33. c4 Re5 34. Bd4 1-0

[Event "4NCL 3 South pool B"]
[Site "Reading, ENG"]
[Date "2018.01.14"]
[Round "4.65"]
[White "Hassall, Mark I"]
[Black "Elwin, Adrian G"]
[Result "1/2-1/2"]
[WhiteElo "1938"]
[BlackElo "2012"]
[PlyCount "36"]
[EventDate "2018.01.14"]

1. e4 c6 2. d4 d5 3. Nc3 dxe4 4. Nxe4 Nf6 5. Nxf6+ gxf6 6. Nf3 Bg4 7. Be2 e6 8.
O-O Bd6 9. c4 Nd7 10. c5 Bc7 11. Nh4 f5 12. g3 Bh3 13. Re1 Qf6 14. Ng2 f4 15.
Bxf4 Bxf4 16. Nxf4 Qxf4 17. gxf4 Rg8+ 18. Kh1 Bg2+ 1/2-1/2

[Event "4NCL 3 South pool B"]
[Site "Reading, ENG"]
[Date "2018.01.14"]
[Round "4.66"]
[White "Brown, Alan M"]
[Black "Gregory, Andrew M"]
[Result "1/2-1/2"]
[WhiteElo "1968"]
[BlackElo "2002"]
[PlyCount "48"]
[EventDate "2018.01.14"]

1. d4 d5 2. c4 e6 3. Nf3 Nf6 4. Bg5 Be7 5. e3 Ne4 6. Bxe7 Qxe7 7. Bd3 O-O 8.
O-O Nd7 9. Nc3 Nxc3 10. bxc3 b6 11. cxd5 exd5 12. Bb5 Bb7 13. Qa4 Rfd8 14. Bc6
Bxc6 15. Qxc6 Nf6 16. c4 dxc4 17. Rac1 Qd6 18. Rxc4 Qxc6 19. Rxc6 Nd5 20. a3 f6
21. Rfc1 Re8 22. Kf1 Rad8 23. Nd2 a5 24. Nb1 Rd7 1/2-1/2

[Event "4NCL 3 South pool B"]
[Site "Reading, ENG"]
[Date "2018.01.14"]
[Round "4.71"]
[White "Mihalik, Agoston"]
[Black "Higgs, Anthony R J"]
[Result "1-0"]
[WhiteElo "2137"]
[BlackElo "2072"]
[PlyCount "85"]
[EventDate "2018.01.14"]

1. e4 d6 2. d4 Nf6 3. Nc3 e5 4. Nf3 Nbd7 5. Bc4 h6 6. O-O Be7 7. dxe5 dxe5 8.
Qe2 c6 9. Nh4 g6 10. Rd1 Qc7 11. Be3 Nc5 12. Bxf7+ Kxf7 13. Bxc5 Bg4 14. Qc4+
Kg7 15. Bxe7 Qxe7 16. f3 Be6 17. Qe2 Ng4 18. fxg4 Qxh4 19. Rf1 Bxg4 20. Qf2
Qxf2+ 21. Rxf2 Rhf8 22. Raf1 Rxf2 23. Kxf2 Rf8+ 24. Ke1 Rd8 25. Rf2 Rd4 26. b3
b6 27. Rd2 Rxd2 28. Kxd2 Kf6 29. a4 a5 30. Na2 Be6 31. Nc1 Ke7 32. Nd3 Kd6 33.
c4 Bf7 34. Kc3 Be6 35. h3 Bf7 36. c5+ bxc5 37. Nb2 Ke7 38. Nc4 Kf6 39. Nxa5 Kg5
40. Nc4 Kf4 41. a5 Be6 42. Nd6 c4 43. a6 1-0

[Event "4NCL 3 South pool B"]
[Site "Reading, ENG"]
[Date "2018.01.14"]
[Round "4.72"]
[White "Graham, Cassie M"]
[Black "Truran, Michael C"]
[Result "1/2-1/2"]
[WhiteElo "2012"]
[BlackElo "2193"]
[PlyCount "58"]
[EventDate "2018.01.14"]

1. e4 c5 2. Nc3 Nc6 3. Bb5 g6 4. Bxc6 dxc6 5. d3 Bg7 6. Nf3 e5 7. Be3 Qe7 8. a4
a5 9. h3 Nf6 10. O-O O-O 11. Qc1 Nh5 12. Re1 Qd6 13. Nb1 f5 14. exf5 Bxf5 15.
Nbd2 e4 16. Nxe4 Bxe4 17. dxe4 Rxf3 18. gxf3 Be5 19. Qd2 Qf6 20. Bg5 Qxf3 21.
Qe3 Qf7 22. c3 Rf8 23. Rad1 Bf4 24. Bxf4 Nxf4 25. Rd2 Qe6 26. Kh2 c4 27. Rg1
Nd3 28. Rg3 Qe5 29. Kg1 Rf4 1/2-1/2

[Event "4NCL 3 South pool B"]
[Site "Reading, ENG"]
[Date "2018.01.14"]
[Round "4.73"]
[White "Martin, Lewis"]
[Black "Salmons, Calum"]
[Result "1-0"]
[WhiteElo "2074"]
[BlackElo "1982"]
[PlyCount "121"]
[EventDate "2018.01.14"]

1. e4 c5 2. Nf3 d6 3. d4 cxd4 4. Nxd4 Nf6 5. Nc3 g6 6. Be2 Bg7 7. Be3 O-O 8.
O-O Nc6 9. h3 Bd7 10. Nb3 Rc8 11. f4 a6 12. Bf3 b5 13. a3 Na5 14. Nxa5 Qxa5 15.
e5 Rxc3 16. bxc3 Ne8 17. Qd2 Be6 18. Bd4 Nc7 19. exd6 Bxd4+ 20. Qxd4 Rd8 21. a4
Rxd6 22. axb5 Qxb5 23. Qb4 Qd7 24. Rfd1 Bd5 25. Bxd5 Nxd5 26. Qb8+ Kg7 27. c4
Nc7 28. Rxd6 Qxd6 29. Qb2+ f6 30. Re1 Kf7 31. Qc1 Ne6 32. Qe3 Nxf4 33. c5 Qc7
34. Qb3+ Kg7 35. Qb6 Qd7 36. c6 Qd6 37. Qxa6 Nxh3+ 38. Kf1 Qf4+ 39. Ke2 Qe4+
40. Kd2 Qb4+ 41. c3 Qb2+ 42. Kd3 Nf4+ 43. Kc4 Qxg2 44. c7 Qd5+ 45. Kb4 Nd3+ 46.
Qxd3 Qxd3 47. c8=Q Qd6+ 48. Qc5 Qb8+ 49. Kc4 Qf4+ 50. Kd3 Qf3+ 51. Kc2 Qg2+ 52.
Kc1 e5 53. Qe7+ Kh6 54. Qxf6 Qa8 55. Qxe5 Qa1+ 56. Kd2 Qa2+ 57. Ke3 Qa7+ 58.
Kf3 Qb7+ 59. Kg3 Qc6 60. Re4 g5 61. Qe6+ 1-0

[Event "4NCL 3 South pool B"]
[Site "Reading, ENG"]
[Date "2018.01.14"]
[Round "4.74"]
[White "Batchelor, Paul A"]
[Black "Hackett, Dave G"]
[Result "1-0"]
[WhiteElo "1952"]
[BlackElo "2114"]
[PlyCount "109"]
[EventDate "2018.01.14"]

1. e4 c5 2. c3 e6 3. d4 d5 4. exd5 exd5 5. Nf3 Nf6 6. Bb5+ Bd7 7. Bd3 cxd4 8.
Nxd4 Nc6 9. Qe2+ Be7 10. Nf5 Bxf5 11. Bxf5 O-O 12. O-O Bd6 13. Bg5 Re8 14. Qf3
h6 15. Bh4 Ne5 16. Qh3 g6 17. Bc2 Kg7 18. Nd2 g5 19. Bg3 g4 20. Qh4 Ng6 21.
Bxg6 fxg6 22. Bxd6 Qxd6 23. Nb3 Re5 24. Nd4 Rae8 25. Qg3 Qd7 26. f3 Re3 27.
Rae1 Qe7 28. Rxe3 Qxe3+ 29. Qf2 gxf3 30. Qxe3 Rxe3 31. gxf3 Kf7 32. Kf2 Re5 33.
Re1 Nd7 34. Nb5 Rxe1 35. Kxe1 Ne5 36. Ke2 Ke6 37. Nxa7 Nc4 38. b3 Nd6 39. a4
Ke5 40. Nb5 Nf5 41. a5 g5 42. b4 h5 43. Kd3 Kf4 44. Nd4 Nd6 45. Ke2 g4 46. Ne6+
Ke5 47. Nc5 Nb5 48. fxg4 Nxc3+ 49. Kd3 Na2 50. b5 hxg4 51. Nxb7 Nc1+ 52. Kc3
d4+ 53. Kd2 Nb3+ 54. Kc2 Na1+ 55. Kd3 1-0

[Event "4NCL 3 South pool B"]
[Site "Reading, ENG"]
[Date "2018.01.14"]
[Round "4.75"]
[White "Onslow, Alfie"]
[Black "Sutton, Daniel"]
[Result "1-0"]
[WhiteElo "2117"]
[BlackElo "1930"]
[PlyCount "59"]
[EventDate "2018.01.14"]

1. e4 e5 2. Nf3 Nc6 3. d4 exd4 4. Nxd4 Nf6 5. Nxc6 bxc6 6. e5 Qe7 7. Qe2 Nd5 8.
c4 Ba6 9. Nd2 g5 10. Ne4 h6 11. b3 Bg7 12. Bb2 O-O-O 13. Ng3 Rhe8 14. O-O-O Qb4
15. Qc2 Nf4 16. a3 Qf8 17. b4 Bb7 18. Qa4 c5 19. Qxa7 cxb4 20. c5 bxa3 21. Bxa3
Re6 22. Kc2 d5 23. cxd6 cxd6 24. Rb1 Rd7 25. Rxb7 Rxb7 26. Ba6 Rxe5 27. Qxb7+
Kd8 28. Rd1 Re6 29. Bb5 Qe7 30. Qb8# 1-0

[Event "4NCL 3 South pool B"]
[Site "Reading, ENG"]
[Date "2018.01.14"]
[Round "4.76"]
[White "Finn, Thomas"]
[Black "Richmond, Jane"]
[Result "1/2-1/2"]
[WhiteElo "1885"]
[BlackElo "2105"]
[PlyCount "128"]
[EventDate "2018.01.14"]

1. Nc3 e5 2. Nf3 Nc6 3. d4 exd4 4. Nxd4 Nf6 5. Bg5 Bb4 6. e3 h6 7. Bh4 Qe7 8.
Ndb5 Ba5 9. Be2 a6 10. Nd4 g5 11. Bg3 d6 12. O-O Bd7 13. a3 Ne5 14. b4 Bb6 15.
a4 Ng6 16. a5 Ba7 17. b5 h5 18. bxa6 bxa6 19. Bf3 Rb8 20. Nc6 Bxc6 21. Bxc6+
Kf8 22. h3 Ne5 23. Nd5 Nxd5 24. Qxd5 Kg7 25. Bb7 c6 26. Bxc6 Rhc8 27. Bxe5+
Qxe5 28. Qxe5+ dxe5 29. Be4 Rb4 30. Bd3 e4 31. Bxa6 Rxc2 32. Rfb1 Rbb2 33. Rxb2
Rxb2 34. g3 Kf6 35. Rc1 Ra2 36. Rc6+ Ke5 37. Rc7 Ra1+ 38. Kg2 Bb8 39. Rc5+ Kf6
40. Bb7 Ra4 41. a6 Bd6 42. Rd5 Be5 43. Rb5 Bc7 44. Bc8 Be5 45. g4 h4 46. Bb7
Ke6 47. Rb6+ Kd7 48. Bc6+ Kc7 49. Bxa4 Kxb6 50. Bc2 Kxa6 51. Bxe4 Kb6 52. Bd5
f6 53. Kf3 Kc5 54. Ke4 Kd6 55. f4 gxf4 56. exf4 Bc3 57. Bb3 Ke7 58. Kf5 Bd2 59.
g5 fxg5 60. fxg5 Kf8 61. Kg6 Bc3 62. Kh7 Bd4 63. g6 Bc3 64. Kh6 Bf6 1/2-1/2

[Event "4NCL 3 South pool B"]
[Site "Reading, ENG"]
[Date "2018.01.14"]
[Round "4.81"]
[White "Healey, Michael W"]
[Black "Moloney, Nicholas R"]
[Result "1/2-1/2"]
[WhiteElo "2146"]
[BlackElo "2185"]
[PlyCount "79"]
[EventDate "2018.01.14"]

1. e4 e6 2. b3 d5 3. Bb2 dxe4 4. Nc3 Nf6 5. Qe2 Be7 6. O-O-O O-O 7. Nxe4 a5 8.
a4 b5 9. axb5 a4 10. bxa4 Rxa4 11. Nc3 Ra5 12. Qd3 Nbd7 13. f4 Bb7 14. Nf3 Qa8
15. Ne5 Nxe5 16. fxe5 Ne4 17. Kb1 Nf2 18. Qd7 Ba3 19. Be2 Bxb2 20. Kxb2 Nxh1
21. Rxh1 Bxg2 22. Rg1 Bd5 23. Qe7 g6 24. h4 Re8 25. Qb4 Qa7 26. d4 c6 27. h5
cxb5 28. Bd3 Rc8 29. Rb1 Bc4 30. Be4 Ra4 31. Nxa4 bxa4 32. Ka3 Qxd4 33. Bb7
Qe3+ 34. c3 Rc7 35. h6 Qxh6 36. Qd6 Qf8 37. Kxa4 Qb8 38. Rb6 Qa7+ 39. Kb4 Rxb7
40. Qd8+ 1/2-1/2

[Event "4NCL 3 South pool B"]
[Site "Reading, ENG"]
[Date "2018.01.14"]
[Round "4.83"]
[White "Burrows, Nick"]
[Black "Okhai, Shabir"]
[Result "1/2-1/2"]
[WhiteElo "2027"]
[BlackElo "2078"]
[PlyCount "131"]
[EventDate "2018.01.14"]

1. d4 d5 2. c4 e6 3. Nf3 Nf6 4. g3 dxc4 5. Bg2 c5 6. O-O Nc6 7. Qa4 Bd7 8. Qxc4
b5 9. Qd3 c4 10. Qc2 Rc8 11. Bg5 Be7 12. Rd1 Nb4 13. Qc1 Bc6 14. a3 Nbd5 15.
Ne5 Ba8 16. e4 Nb6 17. Nc3 a6 18. Qd2 O-O 19. Bxf6 Bxf6 20. Ng4 Be7 21. d5 exd5
22. exd5 Bd6 23. Ne3 Rb8 24. Ne4 Re8 25. Nxd6 Qxd6 26. Qd4 Qe5 27. Rd2 Na4 28.
Qxe5 Rxe5 29. Kf1 Nc5 30. Rad1 Rd8 31. Ng4 Ree8 32. Ne3 Kf8 33. Nc2 Nd3 34. Nb4
Nxb4 35. axb4 Rd6 36. Rd4 Bb7 37. Bf3 Bc8 38. g4 Bd7 39. Kg2 Rc8 40. Re1 c3 41.
bxc3 Rxc3 42. Re3 Rc1 43. Red3 Ke7 44. Bd1 Kd8 45. h3 Bc8 46. Rf3 Rd7 47. Bb3
Bb7 48. Kg3 f6 49. Re3 Re7 50. Rdd3 Re1 51. Kf3 Kd7 52. Rxe7+ Rxe7 53. Re3 Kd6
54. Rxe7 Kxe7 55. Ke3 Kd6 56. Kd4 Bc8 57. Bc2 g6 58. f4 Bd7 59. Bd3 Bc8 60. Bc2
Bb7 61. Bb3 g5 62. fxg5 fxg5 63. Ba2 h6 64. Bb3 Ba8 65. Ba2 Bb7 66. Bb3 1/2-1/2

[Event "4NCL 3 South pool B"]
[Site "Reading, ENG"]
[Date "2018.01.14"]
[Round "4.84"]
[White "George, Matthew P"]
[Black "Duggan, Christopher"]
[Result "1/2-1/2"]
[WhiteElo "2013"]
[BlackElo "2021"]
[PlyCount "66"]
[EventDate "2018.01.14"]

1. e4 c5 2. Nf3 Nc6 3. Bb5 d6 4. O-O Bd7 5. Re1 Nf6 6. c3 a6 7. Bf1 e5 8. h3 g6
9. d4 Bg7 10. dxc5 dxc5 11. a4 O-O 12. Qc2 Qc7 13. Be3 Na5 14. b3 Nh5 15. Nbd2
b5 16. axb5 axb5 17. Ra2 Nf4 18. Rea1 Ra6 19. b4 cxb4 20. cxb4 Qxc2 21. Rxc2
Rc6 22. Rxc6 Nxc6 23. Bxb5 Rb8 24. Bxc6 Bxc6 25. Ra6 Bb5 26. Ra7 Nd3 27. Ng5
Be8 28. Nc4 Bf8 29. Nf3 Nxb4 30. Nfxe5 Nc6 31. Nxc6 Bxc6 32. Nd2 Ra8 33. Rxa8
Bxa8 1/2-1/2

[Event "4NCL 3 South pool B"]
[Site "Reading, ENG"]
[Date "2018.01.14"]
[Round "4.85"]
[White "Cole, James"]
[Black "Niccoli, Tony"]
[Result "1-0"]
[WhiteElo "2057"]
[BlackElo "2020"]
[PlyCount "59"]
[EventDate "2018.01.14"]

1. d4 d5 2. Nf3 Nf6 3. e3 c5 4. b3 Nc6 5. Bd3 cxd4 6. exd4 Bg4 7. Bb2 Qb6 8.
Nbd2 e6 9. a3 Rc8 10. Qe2 Be7 11. O-O O-O 12. Qe3 Qc7 13. Rac1 Rfe8 14. h3 Bh5
15. Ne5 Nxe5 16. dxe5 Nd7 17. c4 Qb6 18. Bd4 Bc5 19. Bxc5 Qxc5 20. Qg5 Bg6 21.
b4 Qd4 22. Bxg6 hxg6 23. Nf3 Qb2 24. cxd5 exd5 25. Rxc8 Rxc8 26. Qe7 Nb6 27.
Ng5 Rf8 28. e6 fxe6 29. Qxe6+ Kh8 30. Qxg6 1-0

[Event "4NCL 3 South pool B"]
[Site "Reading, ENG"]
[Date "2018.01.14"]
[Round "4.86"]
[White "Millward, Kevin P"]
[Black "Alizada, Eldar"]
[Result "1/2-1/2"]
[WhiteElo "2048"]
[BlackElo "2050"]
[PlyCount "127"]
[EventDate "2018.01.14"]

1. d4 d5 2. Bf4 Nf6 3. e3 c5 4. c3 Nc6 5. Nd2 Bf5 6. Ngf3 e6 7. Qb3 Qc8 8. h3
h6 9. Be2 Be7 10. dxc5 Nd7 11. Qd1 Nxc5 12. Nb3 O-O 13. O-O Rd8 14. Nxc5 Bxc5
15. Bd3 Bxd3 16. Qxd3 Qd7 17. Rfd1 Qe7 18. b4 Bb6 19. Bg3 Bc7 20. Bxc7 Qxc7 21.
a3 Ne7 22. Rac1 Rac8 23. Qe2 Qc4 24. Qxc4 Rxc4 25. Ne5 Rc7 26. c4 Rdc8 27. c5
b6 28. Nd3 bxc5 29. Rxc5 Rxc5 30. Nxc5 Nc6 31. Kf1 Ne5 32. Ke2 Nc4 33. Rd3 Kf8
34. Rb3 Ke7 35. Nd3 Nb6 36. Nc5 Nc4 37. Nd3 Nb6 38. Nc5 Nc4 39. h4 Kd6 40. f3
e5 41. Rc3 f5 42. e4 fxe4 43. fxe4 Rf8 44. g3 g5 45. hxg5 hxg5 46. exd5 Kxd5
47. Rd3+ Kc6 48. Ne6 Rg8 49. Rc3 Kd6 50. Rxc4 Kxe6 51. Ke3 Kd6 52. Rc5 Rh8 53.
Ke4 Rh3 54. Rd5+ Kc6 55. Rd3 Rh1 56. Kxe5 Rf1 57. Rd6+ Kb5 58. Rd5+ Kc6 59.
Rc5+ Kb6 60. Ke6 g4 61. Rg5 Rf3 62. Rxg4 Rxa3 63. Re4 Rxg3 64. Kd5 1/2-1/2